000
00333nam a2200157Ia 4500
100
_a
Nicopolitidis/P
650
_a
Wireless networks
942
_c
BK
366
_f
25
245
_a
Wireless Networks
260
_b
Wiley India
_c
2003
082
_a
621.3192
_b
NIC
300
_a
405
546
_a
ENGLISH
_c
electronics
999
_c
20903
_d
20903